|
|
|
|
| LEADER |
01375nam a2200301 u 4500 |
| 001 |
10017020 |
| 003 |
upatras |
| 005 |
20210117205037.0 |
| 008 |
881025s1973 us eng |
| 020 |
|
|
|a 3211812024
|
| 040 |
|
|
|a GR-PaULI
|c GR-PaULI
|
| 041 |
0 |
|
|a eng
|
| 082 |
0 |
4 |
|a 620.001 515 35
|
| 100 |
1 |
|
|a Zienkiewicz, O. C.
|9 38302
|
| 245 |
1 |
0 |
|a Introductory lectures on the finite element method
|c Olgierd C. Zienkiewicz
|
| 260 |
|
|
|a New York
|b Springer
|c 1973
|
| 300 |
|
|
|a 98 p.
|b fig.
|c 25 cm
|
| 490 |
0 |
|
|a CISM courses and lectures
|v 130
|
| 505 |
1 |
|
|a Includes references
|
| 650 |
|
4 |
|a Μέθοδος πεπερασμένων στοιχείων
|9 1409
|
| 650 |
|
4 |
|a Μηχανική
|x Αριθμητικές μέθοδοι
|9 1411
|
| 760 |
1 |
|
|a Courses and lectures
|g 130
|
| 852 |
|
|
|a GR-PaULI
|b ΠΑΤΡΑ
|b ΒΚΠ
|b ΒΣ1
|k ΑΣΧΞ
|h 620.001 515 35 Z
|m 34266
|p 025000076495
|t 1
|
| 852 |
|
|
|a GR-PaULI
|b ΠΑΤΡΑ
|b ΒΚΠ
|b ΒΣ1
|k ΑΣΧΞ
|h 620.001 515 35 Z
|m 34267
|p 025000092901
|t 2
|
| 942 |
|
|
|2 ddc
|c BK15
|
| 952 |
|
|
|0 0
|1 0
|4 0
|6 620_001000000000000_515_35_Z
|7 0
|9 166985
|a LISP
|b LISP
|c BSC
|d 2016-04-24
|i 34266
|l 0
|o 620.001 515 35 Z
|p 025000076495
|r 2016-04-24 00:00:00
|t 1
|w 2016-04-24
|y BK15
|
| 952 |
|
|
|0 0
|1 0
|4 0
|6 620_001000000000000_515_35_Z
|7 0
|9 166986
|a LISP
|b LISP
|c BSC
|d 2016-04-24
|i 34267
|l 0
|o 620.001 515 35 Z
|p 025000092901
|r 2016-04-24 00:00:00
|t 2
|w 2016-04-24
|y BK15
|
| 999 |
|
|
|c 104524
|d 104524
|